• 首页
  • 本馆介绍
  • 公告通知
  • 最新文献
  • 馆藏检索
  • 电子资源
  • 读者导购
  • 参考咨询
  • 我的图书馆
  • 登录
  • 详细信息显示
  • 放入我的书架
  • 预约/预借图书
  • 作者相关作品
  • 分类相关作品
  • 丛书相关作品
  • 出版社相关作品

书目信息

  • 表格格式
  • 工作单格式
  • 卡片格式
题名:
社会文教行政财务制度摘编
    
 
作者: ;财政部文教行政财务司 编
分册:  
出版信息: 北京   中国财政经济出版社  1982
页数: 782页
开本: 19cm
丛书名:
单 册:
中图分类: F812.2
科图分类:
主题词: 行政事业单位-财政制度--中国--1979~1981 , 财政制度-行政事业单位--中国--1979~1981
电子资源:
ISBN:
000 00786nam0 2200241 45
001 0182003528
005 20070721091809.51
010    @dCNY2.10
091    @aCN@b4166.350
100    @a19950516d1982 em y0chiy0121 ea
101 0  @achi
102    @aCN@b110000
105    @ay n 000yy
200 10 @a社会文教行政财务制度摘编@Ashe hui wen jiao xing zheng cai wu zhi du zhai bian@e1979.1-1981.6@f财政部文教行政财务司编
210    @a北京@c中国财政经济出版社@d1982
215    @a782页@d19cm
606    @a行政事业单位-财政制度@y中国@z1979~1981
606    @a财政制度-行政事业单位@y中国@z1979~1981
690    @aF812.2@v3
711 02 @a财政部文教行政财务司@Acai zheng bu wen jiao xing zheng cai wu si@4编
801  2 @aCN@bNLC@c20070721
801  0 @aCN@bTSSF
905    @a10447@dF812.2@e43
    
    社会文教行政财务制度摘编:1979.1-1981.6/财政部文教行政财务司编.-北京:中国财政经济出版社,1982
    782页;19cm
    
    
    ISBN :CNY2.10
    
●
相关链接 在E读中查询图书 在五车中查询图书 在当当中查询图书 在豆瓣中查询图书


正题名:社会文教行政财务制度摘编     索取号:F812.2/43         预约/预借

序号 登录号 条形码 馆藏地/架位号 状态 备注
1 0770001   207700013   第一样本阅览室/ [索取号:F812.2/43] 在馆    
唐山师范学院图书馆 欢迎您!
大连网信软件有限公司© 版权所有